000 00449nam a2200157 4500
001 121596
003 ES-MaACL
005 20230906191800.0
007 t|
008 070214s1964 sp r ||||1| spa d
100 1 _aPorro CardeƱoso, Julio.
_993168
245 1 0 _aCristo en el continente negro /
_cJulio Porro CardeƱoso.
260 _aBilbao :
_bEdiciones Paulinas,
_c1964.
300 _a245 p. ;
_c18 cm.
852 _aES-MaACL
_jC-36227
_bR.68440
999 _c121596
_d121596